000 00595nam a22002297a 4500
003 OSt
005 20140310182030.0
008 130814t xxu||||| |||| 00| 0 eng d
020 _a9780199134137
050 _aHB 171.5
_b.M938 2000
082 _aHS 330
_bM87 2000
100 _aMoynihan, Dan
_910201
245 _aEconomics :
_ba complete course /
_cDan Moynihan.
260 _aNew York :
_bOxford University Press,
_cc2000.
300 _a439 p. ;
_bill. ;
_c26 cm.
650 _aEconomics
_97586
942 _2lcc
999 _c8552
_d8552